[Event "Oberliga Ost-B 0809"]
[Site "Germany"]
[Date "2009.03.28"]
[Round "10.6"]
[White "Arbinger, Roland"]
[Black "Weise, Martin"]
[Result "0-1"]
[WhiteElo "2124"]
[BlackElo "2144"]
[PlyCount "120"]
[EventDate "2008.10.26"]
[EventType "team-tourn"]
[EventRounds "11"]
[EventCountry "GER"]
[SourceTitle "EXT 2010"]
[Source "ChessBase"]
[SourceDate "2010.11.25"]
[SourceVersion "1"]
[SourceVersionDate "2010.11.25"]
[SourceQuality "1"]
[WhiteTeam "Giessen"]
[BlackTeam "Hungen Lich"]
[WhiteTeamCountry "GER"]
[BlackTeamCountry "GER"]

1. d4 Nf6 2. c4 Nc6 3. Nf3 e6 4. a3 d6 5. Nc3 g6 6. Bg5 h6 7. Bh4 Bg7 8. e3 0-0 9. Be2 e5 10. dxe5 dxe5 11. 0-0 g5 12. Bg3 Nd7 13. Nd2 f5 14. f3 b6 15. Qc2 Nc5 16. Rad1 Qe8 17. b4 Ne6 18. Bd3 Qf7 19. Nd5 Kh8 20. Nb3 Bb7 21. Be1 Rad8 22. g4 fxg4 23. fxg4 Qd7 24. Bf5 Ne7 25. Nxe7 Qxe7 26. Bg3 Qe8 27. Rxd8 Nxd8 28. Nd2 Qc6 29. Be4 Rxf1+ 30. Kxf1 Qf6+ 31. Kg2 Qg6 32. Kf2 Qf7+ 33. Ke2 Bc8 34. h3 Ba6 35. Qd3 Qe7 36. Nf3 Nf7 37. Qd5 Bf6 38. Kf2 Kg7 39. c5 Bc8 40. Bc2 Be6 41. Qe4 Ba2 42. Qg6+ Kf8 43. Nd2 Qe6 44. Be4 bxc5 45. bxc5 Be7 46. c6 Bxa3 47. Nf3 Bd6 48. Qh7 a5 49. h4 Qf6 50. Kg2 a4 51. hxg5 hxg5 52. Qh1 Be6 53. Qd1 a3 54. Bf5 Bxf5 55. gxf5 Qxf5 56. Qa4 Kg7 57. Qc4 Qb1 58. Qe6 Qe4 59. Kf2 Qc2+ 60. Kg1 a2 0-1

[Event "Oberliga Ost-B 0809"]
[Site "Germany"]
[Date "2009.03.01"]
[Round "8.7"]
[White "Michalowski, Peter"]
[Black "Arbinger, Roland"]
[Result "1-0"]
[WhiteElo "2032"]
[BlackElo "2124"]
[PlyCount "75"]
[EventDate "2008.10.26"]
[EventType "team-tourn"]
[EventRounds "11"]
[EventCountry "GER"]
[SourceTitle "EXT 2010"]
[Source "ChessBase"]
[SourceDate "2010.11.25"]
[SourceVersion "1"]
[SourceVersionDate "2010.11.25"]
[SourceQuality "1"]
[WhiteTeam "Erfurt Empor"]
[BlackTeam "Giessen"]
[WhiteTeamCountry "GER"]
[BlackTeamCountry "GER"]

1. e4 d5 2. exd5 Qxd5 3. Nc3 Qd6 4. d4 Nf6 5. Nge2 Bf5 6. Bf4 Qd7 7. Qd2 e6 8. a3 a6 9. 0-0-0 Bd6 10. f3 Nc6 11. d5 exd5 12. Nxd5 Nxd5 13. Qxd5 Bxf4+ 14. Nxf4 Qxd5 15. Rxd5 Bd7 16. Nh5 Rg8 17. Bd3 Be6 18. Rg5 Kf8 19. Bxh7 Rh8 20. Bd3 f6 21. Rc5 Bf7 22. Nf4 g5 23. Ng6+ Bxg6 24. Bxg6 Ne5 25. Bf5 c6 26. h3 Rd8 27. Rd1 Ke7 28. Rc3 Rxd1+ 29. Kxd1 Rd8+ 30. Ke2 Kd6 31. g3 Re8 32. Re3 Rf8 33. b3 Rf7 34. f4 Nd7 35. Rd3+ Kc7 36. Rxd7+ Rxd7 37. Bxd7 Kxd7 38. Ke3 1-0